Sports Quiz

Random Sports or NFL Quiz

Multiple Time All-Pro Running Backs Quiz Stats

 Plays Quiz Updated Jan 16, 2018

Challenge
Share
Tweet
Embed
Score 0/23 Timer 04:00
8 Plays Today
Years Player % Correct
'92, '93, '94, '95Emmitt Smith
94.7%
'89, '90,' 91, '94, '95, '97Barry Sanders
92.9%
'08, '09, '12, '15Adrian Peterson
92.8%
'76, '77, '80, '84, '85Walter Payton
91.1%
'60, '61, '63, '64, '65Jim Brown
90.2%
'04, '06, '07LaDanian Tomlinson
89.7%
'14, '17Le'Veon Bell
89.5%
'70, '72Larry Brown
88.8%
'99, '00, '01Marshall Faulk
85.3%
'96, '97, '98Terrell Davis
81.5%
'83, '84, '86, '87, '88Eric Dickerson
79.3%
'93, '96Jerome Bettis
78.2%
Years Player % Correct
'72, '73, '74, '75, '76O.J. Simpson
75.8%
'82, '85Marcus Allen
74.2%
'90, '91Thurman Thomas
72.9%
'11, '13LeSean McCoy
72.6%
'10, '13Jamaal Charles
71.6%
'01, '02, '03Priest Holmes
70.6%
'78, '79, '80Earl Campbell
63.9%
'65, '66, '67, '68, '69Gale Sayers
61.6%
'71, '73Larry Csonka
60.7%
'60, '61Paul Hornung
27.7%
'66, '67, '68Leroy Kelly
12.9%

You're not logged in!

Compare scores with friends on all Sporcle quizzes.
Join for Free
OR
Log In

You Might Also Like...

Show Comments

Extras

Top Quizzes Today


Score Distribution

Your Account Isn't Verified!

In order to create a playlist on Sporcle, you need to verify the email address you used during registration. Go to your Sporcle Settings to finish the process.

Report this User

Report this user for behavior that violates our Community Guidelines.

Details: